Moje obec: Město Vyškov a okolí : pracovní sešit pro žáky základních škol /

Main Author: Horáková, Jitka
Other Authors: Dvořáková, Eva, 1952-, Bystrianská, Eva, 1972-
Language: Czech
Published: Vyškov : Muzeum Vyškovska, 2016
Edition: Vydání první
Subjects:
Physical Description: 18 nečíslovaných stran : barevné ilustrace, mapy, 1 faksimile, erby ; 21 cm
Book
Saved in:
LEADER 02252nam a2200553 i 4500
001 nkc20162858835
003 CZ PrNK
005 20170411093314.0
007 ta
008 170116s2016 xr abhib 000 0 cze
015 |a cnb002858835 
020 |a 978-80-905888-3-7  |q (brožováno)  |z 78-80-905888-3-7 
035 |a (OCoLC)972576881 
040 |a ABA001  |b cze  |e rda 
043 |a e-xr---  |b e-xr-jm  |2 czenas 
072 7 |a 913(437)  |x Geografie Česka a Slovenska, reálie, cestování  |2 Konspekt  |9 7 
072 7 |a 0/9-053.2  |x Literatura pro děti a mládež (naučná)  |2 Konspekt  |9 26 
080 |a 913(437.322)  |2 MRF 
080 |a (0.053.2)  |2 MRF 
080 |a (076.1)  |2 MRF 
100 1 |a Horáková, Jitka  |4 aut 
245 1 0 |a Moje obec: Město Vyškov a okolí :  |b pracovní sešit pro žáky základních škol /  |c připravily: Jitka Horáková a Eva Dvořáková ; ilustrace: Eva Bystrianská 
246 3 0 |a Město Vyškov a okolí 
250 |a Vydání první 
264 1 |a Vyškov :  |b Muzeum Vyškovska,  |c 2016 
300 |a 18 nečíslovaných stran :  |b barevné ilustrace, mapy, 1 faksimile, erby ;  |c 21 cm 
336 |a text  |b txt  |2 rdacontent 
336 |a statický obraz  |b sti  |2 rdacontent 
337 |a bez média  |b n  |2 rdamedia 
338 |a svazek  |b nc  |2 rdacarrier 
500 |a Název z obálky 
650 0 7 |a regionální geografie  |7 ph116030  |z Česko  |2 czenas 
650 0 9 |a regional geography  |z Czechia  |2 eczenas 
651 7 |a Vyškov (Česko)  |7 ge131361  |2 czenas 
651 7 |a Vyškov (Česko : oblast)  |7 ge131362  |2 czenas 
651 9 |a Vyškov (Czechia)  |2 eczenas 
651 9 |a Vyškov Region (Czechia)  |2 eczenas 
655 7 |a publikace pro děti  |7 fd133156  |2 czenas 
655 7 |a pracovní sešity  |7 fd133116  |2 czenas 
655 9 |a children's literature  |2 eczenas 
655 9 |a activity books  |2 eczenas 
700 1 |a Dvořáková, Eva,  |d 1952-  |7 mzk2005294822  |4 aut 
700 1 |a Bystrianská, Eva,  |d 1972-  |7 jx20110720005  |4 ill 
910 2 |a BOA001  |b 2-1382.098 
990 |a BK 
995 |a 01 
991 |b 201702  |c NOV 
996 6 |b 2610696038  |c 2-1382.098  |l MZK  |r Sklad / do 1 hodiny  |n 0  |p p.v.  |w 001597878  |u 000010  |a 1  |e BOA001  |j MZK50  |s P 
996 7 |b 2610696039  |c 2-1382.098  |l MZK  |r Sklad / do 1 hodiny  |n 2  |p p.v.  |w 001597878  |u 000020  |a 1  |e BOA001  |j MZK50  |s A